Southville International School and Colleges
Your cart is empty.
  • Cart
  • Lists
    Public lists list_1 View all
    Your lists Log in to create your own lists
  • Log in to your account
  • Your cookies
  • Search history
Southville International School and Colleges
  • Advanced search
  • Recent comments
  • Most popular
  • Libraries

Log in to your account

Log in with GOOGLE


If you do not have an external account, but do have a local account, you can still log in:

  1. Home
  2. MARC view: Rights of man
Normal view MARC view ISBD view

Rights of man (Record no. 1956)

[ view plain ]
MARC details
000 -LEADER
fixed length control field 00612nam a22002297a 4500
003 - CONTROL NUMBER IDENTIFIER
control field OSt
005 - DATE AND TIME OF LATEST TRANSACTION
control field 20151026153356.0
008 - FIXED-LENGTH DATA ELEMENTS--GENERAL INFORMATION
fixed length control field 130306t xxu||||| |||| 00| 0 eng d
020 ## - INTERNATIONAL STANDARD BOOK NUMBER
International Standard Book Number 1853264679
050 ## - LIBRARY OF CONGRESS CALL NUMBER
Classification number JC 177
Item number .P144 1996
082 ## - DEWEY DECIMAL CLASSIFICATION NUMBER
Classification number IB 320.51
Item number P16r 1996
100 ## - MAIN ENTRY--PERSONAL NAME
Personal name Paine, Thomas.
245 ## - TITLE STATEMENT
Title Rights of man
Statement of responsibility, etc Thomas Paine with an introduction by Derek Matravers
260 ## - PUBLICATION, DISTRIBUTION, ETC. (IMPRINT)
Place of publication, distribution, etc Ware :
Name of publisher, distributor, etc Wordsworth Editions Limited,
Date of publication, distribution, etc c1996.
300 ## - PHYSICAL DESCRIPTION
Extent xii, 226 p. :
Dimensions 20 cm
650 ## - SUBJECT ADDED ENTRY--TOPICAL TERM
Topical term or geographic name as entry element English essays
942 ## - ADDED ENTRY ELEMENTS (KOHA)
Source of classification or shelving scheme Library of Congress Classification
Koha item type Books
Holdings
Withdrawn status Lost status Source of classification or shelving scheme Damaged status Home library Current library Shelving location Date acquired Total Checkouts Full call number Barcode Date last seen Copy number Price effective from Koha item type
    Library of Congress Classification   Luxembourg Library Luxembourg Library International Baccalaureate Section 03/06/2013   JC 177 .P144 1996 13783 08/13/2013 1 10/03/2013 Books
    Library of Congress Classification   Luxembourg Library Luxembourg Library International Baccalaureate Section 06/18/2013   JC 177 .P144 1996 13784 08/13/2013 2 10/03/2013 Books
    Library of Congress Classification   Luxembourg Library Luxembourg Library International Baccalaureate Section 06/18/2013   JC 177 .P144 1996 13785 08/13/2013 3 10/03/2013 Books
    Library of Congress Classification   Luxembourg Library Luxembourg Library International Baccalaureate Section 06/20/2013   JC 177 .P144 1996 4552 05/27/2015 4 06/20/2013 Books

Rights of man

APA

Paine T., . (1996). Rights of man. Ware: Wordsworth Editions Limited.

Chicago

Paine Thomas, . 1996. Rights of man. Ware: Wordsworth Editions Limited.

Harvard

Paine T., . (1996). Rights of man. Ware: Wordsworth Editions Limited.

MLA

Paine Thomas, . Rights of man. Ware: Wordsworth Editions Limited. 1996.

  • Place hold
  • Print
  • Cite
  • Add to your cart (remove)
  • Save record
    BIBTEX Dublin Core MARCXML MARC (non-Unicode/MARC-8) MARC (Unicode/UTF-8) MARC (Unicode/UTF-8, Standard) MODS (XML) RIS
  • More searches
    Search for this title in:
    Other Libraries (WorldCat) Other Databases (Google Scholar) Online Stores (Bookfinder.com) Open Library (openlibrary.org)

Exporting to Dublin Core...

SOUTHVILLE LIBRARY

Southville International School and Colleges Library

1281 Tropical Ave. Cor. Luxembourg St., BF Homes International, Las Pinas City

Tel. No. 8256374 / 252358 Loc. 117/146

Powered by Koha